| 000 | 00860nam a22002417a 4500 | ||
|---|---|---|---|
| 003 | DO-SdBPM | ||
| 005 | 20250313124106.0 | ||
| 008 | 151117b2007 cl |||| 00| 0 spa d | ||
| 020 | _a9789583009273 | ||
| 040 |
_aDO-SdBPM _bspa _cBPMSU |
||
| 082 | 4 |
_a823.91 _bM565m 2007 _222 |
|
| 245 | 0 | 0 |
_aMerlín el mago / _cAnónimo ; ilustraciones Carlos Manuel Díaz Consuegra. |
| 260 |
_aBogotá, Colombia : _b Panamericana Formas e Impresos, _c2007 |
||
| 300 |
_avarias paginaciones . : _bilustraciones ; _c27 cm. |
||
| 490 | 0 |
_aBiblioteca del cuento _v |
|
| 500 | _aIncluye datos biográficos del autor. | ||
| 590 | _aInventariado, 2025/VM | ||
| 650 | 4 | _a Cuentos infantiles daneses | |
| 650 | 4 | _aLibros ilustrados para niños | |
| 700 | 1 |
_aDíaz Consuegra, Carlos Manuel, _eilustración |
|
| 910 | _aVMateo V. Control de calidad. BPMSU | ||
| 942 |
_2ddc _cBK |
||
| 999 |
_c15001 _d15001 |
||